书目信息 |
| 题名: |
云计算
|
|
| 作者: | 金海 , 梅宏 主编 | |
| 分册: | ||
| 出版信息: | 北京 中国科学技术出版社 2020 |
|
| 页数: | 285页 | |
| 开本: | 21cm | |
| 丛书名: | ||
| 单 册: | ||
| 中图分类: | TP393.027 | |
| 科图分类: | ||
| 主题词: | 云计算 | |
| 电子资源: | ||
| ISBN: | 978-7-5046-8289-5 | |
| 000 | 01413nam0 2200289 450 | |
| 001 | 202206162142639915 | |
| 005 | 20231124202625.59 | |
| 010 | @a978-7-5046-8289-5@b精装@dCNY80.00 | |
| 092 | @aCN@b202202 | |
| 100 | @a20201027d2020 em y0chiy50 ea | |
| 101 | 0 | @achi |
| 102 | @aCN@b110000 | |
| 105 | @aa z 000yy | |
| 106 | @ar | |
| 200 | 1 | @a云计算@9yun ji suan@e信息社会的基础设施和服务引擎@f梅宏, 金海主编 |
| 210 | @a北京@c中国科学技术出版社@d2020 | |
| 215 | @a285页@c彩图@d21cm | |
| 300 | @a北京市科学技术协会科普创作出版资金资助 数字中国 | |
| 330 | @a本书共分为七个章节。首先是云定义和云发展,介绍了什么是云计算;描述了云计算的实际应用场景、云计算的核心技术、云计算的地位和影响;总结和回顾了云计算从最初的概念探索期,经技术落地期,进而走向应用繁荣期的发展历程。然后是云世界、云中国和云应用,云世界讲述了世界范围内一些关键思想与技术的产生及其对云计算发展所带来的影响,特别是“软件定义”这一云计算使能技术的来龙去脉;云中国从多个维度描述了云计算在中国的发展情况和特点;云应用则介绍了以行业云和城市云为主题的多个云应用案例。最后是云未来和云机遇,探讨了云计算的未来发展趋势,以及面临的挑战和机遇。 | |
| 517 | 1 | @a信息社会的基础设施和服务引擎@9xin xi she hui de ji chu she shi he fu wu yin qing |
| 606 | 0 | @a云计算 |
| 690 | @aTP393.027@v5 | |
| 701 | 0 | @a金海@9jin hai@4主编 |
| 701 | 0 | @a梅宏@9mei hong@4主编 |
| 801 | 0 | @aCN@b91MARC@c20201205 |
| 905 | @aBZT@dTP393.027@e4 | |
| 906 | @c202202@d80@n3@r1 | |
| 云计算:信息社会的基础设施和服务引擎/梅宏, 金海主编.-北京:中国科学技术出版社,2020 |
| 285页:彩图;21cm |
| 北京市科学技术协会科普创作出版资金资助 数字中国 |
| ISBN 978-7-5046-8289-5(精装):CNY80.00 |
| 本书共分为七个章节。首先是云定义和云发展,介绍了什么是云计算;描述了云计算的实际应用场景、云计算的核心技术、云计算的地位和影响;总结和回顾了云计算从最初的概念探索期,经技术落地期,进而走向应用繁荣期的发展历程。然后是云世界、云中国和云应用,云世界讲述了世界范围内一些关键思想与技术的产生及其对云计算发展所带来的影响,特别是“软件定义”这一云计算使能技术的来龙去脉;云中国从多个维度描述了云计算在中国的发展情况和特点;云应用则介绍了以行业云和城市云为主题的多个云应用案例。最后是云未来和云机遇,探讨了云计算的未来发展趋势,以及面临的挑战和机遇。 |
| ● |
| 相关链接 |
|
|
|
正题名:云计算
索取号:TP393.027/4
 
预约/预借
| 序号 | 登录号 | 条形码 | 馆藏地/架位号 | 状态 | 备注 |
| 1 | 2001040669 | 2001040669 | 中教第一批/山东中教(第一批)/605/ [索取号:TP393.027/4] | 在馆 | |
| 2 | 2001040670 | 2001040670 | 中教第一批/山东中教(第一批)/605/ [索取号:TP393.027/4] | 在馆 | |
| 3 | 2001040671 | 2001040671 | 中教第一批/山东中教(第一批)/605/ [索取号:TP393.027/4] | 在馆 | |
| 4 | 2001040672 | 2001040672 | 中教第一批/山东中教(第一批)/605/ [索取号:TP393.027/4] | 在馆 | |
| 5 | 2001040673 | 2001040673 | 中教第一批/山东中教(第一批)/605/ [索取号:TP393.027/4] | 在馆 | |
| 6 | 2001040674 | 2001040674 | 中教第一批/山东中教(第一批)/605/ [索取号:TP393.027/4] | 在馆 |